|
|
|
|
| LEADER |
01273nam a2200253 a 4500 |
| 001 |
GR-MES10652 |
| 008 |
060912s gr b 001 0 eng d |
| 020 |
|
|
|a 0471229679
|
| 040 |
|
|
|a GrPaTEI
|b gre
|c GR-PaULI
|
| 040 |
|
|
|a GrPaTEI
|b gre
|c GR-PaULI
|
| 100 |
1 |
|
|a Turban, Efraim
|
| 245 |
1 |
0 |
|a Information technology for management :
|b Transforming organizations in the digital economy /
|c Efraim Turban ; Ephraim Mclean , James Wetherbe.
|
| 250 |
|
|
|a 4th ed.
|
| 260 |
|
|
|a Hoboken :
|b Wiley,
|c c2004
|
| 300 |
|
|
|a xix , 731 ,[40]σ. :
|b col. oll. ;
|c 26εκ.
|
| 504 |
|
|
|a Περιλαμβάνει βιβλιογραφίες και ευρετήριο.
|
| 650 |
|
0 |
|a Management information systems
|
| 700 |
1 |
|
|a Mclean, Ephraim
|
| 700 |
1 |
|
|a Wetherbe, James
|
| 942 |
|
|
|2 ddc
|
| 952 |
|
|
|0 0
|1 0
|2 ddc
|4 0
|6 658_403000000000000_801_1_TUR
|7 0
|9 269991
|a MSLG
|b MSLG
|c BSC
|d 2021-01-17
|e 24
|f 0
|g 0.00
|l 0
|o 658.403 801 1 TUR
|p 2420000019913
|r 2021-01-17 00:00:00
|t 1
|w 2021-01-17
|y BK15
|x 20060912 0 1
|x GrPaTEI
|
| 952 |
|
|
|0 0
|1 0
|2 ddc
|4 0
|6 658_403000000000000_801_1_TUR
|7 0
|9 269992
|a MSLG
|b MSLG
|c BSC
|d 2021-01-17
|e 24
|f 0
|g 0.00
|l 0
|o 658.403 801 1 TUR
|p 2420000022162
|r 2021-01-17 00:00:00
|t 1
|w 2021-01-17
|y BK15
|x 20070911 0 ΜΑΤΣΙΩΡΗ 1
|x GrPaTEI
|
| 971 |
|
|
|a .b25766995
|b 15-04-20
|c 13-09-16
|
| 999 |
|
|
|c 155889
|d 155889
|